[Event "AUT_chT 2012/13"]
[Site "Hohenems"]
[Date "2013.03.21"]
[Round "8"]
[Board "4"]
[White "De Francesco, Klaus"]
[Black "Acs, Peter"]
[Result "0-1"]
[WhiteElo "2236"]
[BlackElo "2586"]
[PlyCount "80"]
[EventDate "2012.11.02"]
[EventType "team"]
[EventRounds "11"]
[EventCountry "AUT"]
[WhiteTeam "SK Absam"]
[BlackTeam "SK Sparkasse Jenbach"]

1. d4 Nf6 2. c4 e6 3. Nc3 Bb4 4. e3 O-O 5. Nge2 d5 6. a3 Be7 
7. Nf4 c6 8. cxd5 Nxd5 9. Nfxd5 exd5 10. Bd3 Nd7 11. O-O Nf6 12. f3 h5 
13. Bc2 c5 14. Kh1 b6 15. Ne2 Ba6 16. Bd3 Qc8 17. Nf4 Bd6 18. Bxa6 Qxa6 
19. dxc5 Bxf4 20. exf4 bxc5 21. b4 cxb4 22. Bb2 b3 23. Bxf6 Qxf6 24. Qxb3 Rfd8 
25. Rad1 d4 26. Rd3 Qxf4 27. Rfd1 Rac8 28. Qb2 h4 29. h3 Rc4 30. Qf2 Rc1 
31. Qe2 g5 32. Qe7 Rd6 33. Qxa7 Re6 34. Qa5 Re2 35. Rxd4 Qg3 36. Rd8+ Kg7 
37. Rg8+ Kxg8 38. Qd8+ Kg7 39. Qd4+ f6 40. Qd7+ Kh6 0-1

[Event "AUT_chT 2012/13"]
[Site "Hohenems"]
[Date "2013.03.21"]
[Round "8"]
[Board "5"]
[White "Boensch, Uwe"]
[Black "Schmidlechner, Alexander"]
[Result "1-0"]
[WhiteElo "2528"]
[BlackElo "2304"]
[PlyCount "79"]
[EventDate "2012.11.02"]
[EventType "team"]
[EventRounds "11"]
[EventCountry "AUT"]
[WhiteTeam "SK Sparkasse Jenbach"]
[BlackTeam "SK Absam"]

1. d4 f5 2. g3 Nf6 3. Bg2 e6 4. Nf3 d5 5. O-O Bd6 6. b3 c6 
7. Ba3 Bxa3 8. Nxa3 Qe7 9. Qc1 O-O 10. c4 Nbd7 11. Qb2 b6 12. Rac1 Bb7 
13. Rfd1 Rae8 14. e3 Ne4 15. Ne1 Ndf6 16. Nd3 Nd7 17. b4 Rc8 18. f3 Nef6 
19. c5 Ba6 20. Bf1 Bxd3 21. Bxd3 b5 22. Re1 Rcd8 23. Nc2 Rfe8 24. a4 a6 
25. Ra1 g6 26. axb5 axb5 27. Ra7 Ra8 28. Rea1 Qf8 29. R7a6 Rxa6 30. Rxa6 Rc8 
31. Qa1 Qd8 32. Be2 Nb8 33. Ra7 Nfd7 34. Ne1 Qg5 35. Nc2 Qd8 36. Rb7 Qe8 
37. Qa7 Nf8 38. Re7 Qd8 39. Rg7+ Kh8 40. Qf7 1-0

[Event "AUT_chT 2012/13"]
[Site "Hohenems"]
[Date "2013.03.22"]
[Round "9"]
[Board "1"]
[White "Rotstein, Arkadij"]
[Black "Shengelia, David"]
[Result "1-0"]
[WhiteElo "2506"]
[BlackElo "2529"]
[PlyCount "45"]
[EventDate "2012.11.02"]
[EventType "team"]
[EventRounds "11"]
[EventCountry "AUT"]
[WhiteTeam "SK Absam"]
[BlackTeam "SK Advisory Invest Baden"]

1. e4 c5 2. Nc3 a6 3. g3 b5 4. Bg2 Bb7 5. Nge2 b4 6. Na4 e5 
7. c3 Nf6 8. d4 cxd4 9. cxd4 Nxe4 10. O-O d5 11. dxe5 Nd7 12. Nf4 Ndc5 
13. Be3 Qa5 14. Nxc5 Bxc5 15. Nxd5 Rd8 16. Bxe4 Bxe3 17. e6 Bxd5 18. Qh5 Rf8 
19. e7 Kxe7 20. Qe5+ Kd7 21. Bxd5 Bb6 22. Rac1 Bc7 23. Qf5+ 1-0

[Event "AUT_chT 2012/13"]
[Site "Hohenems"]
[Date "2013.03.22"]
[Round "9"]
[Board "5"]
[White "Schmidlechner, Alexander"]
[Black "Brandner, Stefan"]
[Result "1/2-1/2"]
[WhiteElo "2304"]
[BlackElo "2271"]
[PlyCount "114"]
[EventDate "2012.11.02"]
[EventType "team"]
[EventRounds "11"]
[EventCountry "AUT"]
[WhiteTeam "SK Absam"]
[BlackTeam "SK Advisory Invest Baden"]

1. d4 d5 2. Nf3 Nc6 3. e3 Bg4 4. Be2 e6 5. O-O Nf6 6. b3 Bd6 
7. Bb2 Ne4 8. Nbd2 f5 9. Ne5 Bxe2 10. Qxe2 Bxe5 11. dxe5 Qe7 12. Rfd1 O-O-O 
13. f3 Ng5 14. c4 Nf7 15. f4 g5 16. cxd5 Rxd5 17. Nf3 Rhd8 18. Rxd5 Rxd5 
19. Rd1 g4 20. Nd4 Qd7 21. Qc4 Nfd8 22. Kf2 h5 23. Ke2 b5 24. Qc1 Nxd4+ 
25. Bxd4 Kb7 26. Qc2 a5 27. a4 b4 28. Rc1 Nc6 29. Bb2 Nb8 30. Bd4 Na6 
31. Ke1 c5 32. Bb2 h4 33. Ke2 Qc6 34. Kf1 Rd7 35. Qe2 Kb6 36. Rd1 Rxd1+ 
37. Qxd1 h3 38. Qe2 Nc7 39. e4 hxg2+ 40. Kxg2 fxe4 41. Kg3 e3 42. Qxe3 Qh1 
43. Qe2 Qd5 44. Kxg4 Qxb3 45. h4 Qxa4 46. h5 Qe8 47. Qd3 Nd5 48. Bc1 a4 
49. h6 a3 50. h7 a2 51. Bb2 Qf8 52. Qg6 Qxf4+ 53. Kh3 Qf3+ 54. Kh4 Qh1+ 
55. Kg5 Qg2+ 56. Kh6 Qxb2 57. Qxe6+ Kb5 1/2-1/2

[Event "AUT_chT 2012/13"]
[Site "Hohenems"]
[Date "2013.03.22"]
[Round "9"]
[Board "6"]
[White "Dzierzenga, Stefan"]
[Black "Gerhold, Michael"]
[Result "1/2-1/2"]
[WhiteElo "2191"]
[BlackElo "2256"]
[PlyCount "100"]
[EventDate "2012.11.02"]
[EventType "team"]
[EventRounds "11"]
[EventCountry "AUT"]
[WhiteTeam "SK Advisory Invest Baden"]
[BlackTeam "SK Absam"]

1. e4 c5 2. b3 d6 3. Bb2 Nc6 4. Bc4 e6 5. Nf3 Nf6 6. Qe2 Be7 
7. e5 dxe5 8. Nxe5 Nxe5 9. Bxe5 O-O 10. Nc3 a6 11. a4 Nd7 12. Bg3 Nb8 
13. O-O Nc6 14. Rac1 b6 15. Qd3 Ra7 16. Rfd1 Nd4 17. Qf1 Bb7 18. Ne2 Nf5 
19. Bd3 Nxg3 20. Nxg3 Bd6 21. Re1 Bc7 22. Qe2 Qg5 23. Rcd1 Rd8 24. Qh5 Qxh5 
25. Nxh5 Rd4 26. Be2 Ra8 27. Ng3 Rad8 28. d3 g6 29. Nf1 R4d7 30. Nd2 Kg7 
31. Bf3 Bxf3 32. Nxf3 Rd5 33. Re4 R8d7 34. Rde1 h5 35. Kf1 Kf6 36. g3 Rf5 
37. Kg2 Kg7 38. Nh4 Rfd5 39. f4 Bd8 40. Nf3 Bf6 41. Ne5 Bxe5 42. Rxe5 Rxe5 
43. Rxe5 Rd6 44. Kf3 a5 45. h3 f5 46. h4 Kf6 47. Ke3 Rd5 48. Rxd5 exd5 
49. c4 Ke6 50. Kd2 Kd6 1/2-1/2

[Event "AUT_chT 2012/13"]
[Site "Hohenems"]
[Date "2013.03.22"]
[Round "9"]
[Board "2"]
[White "Bauer, Christian"]
[Black "Sebenik, Matej"]
[Result "1-0"]
[WhiteElo "2633"]
[BlackElo "2537"]
[PlyCount "101"]
[EventDate "2012.11.02"]
[EventType "team"]
[EventRounds "11"]
[EventCountry "AUT"]
[WhiteTeam "SK Sparkasse Jenbach"]
[BlackTeam "SV Raika Rapid Feffernitz"]

1. c4 c5 2. Nc3 Nc6 3. g3 g6 4. Bg2 Bg7 5. d3 d6 6. Qd2 Nf6 
7. b3 O-O 8. Bb2 Bd7 9. e3 Rb8 10. Nge2 a6 11. O-O b5 12. Rad1 e6 
13. Qc1 Qb6 14. Qa1 Ne8 15. Rd2 Ne7 16. cxb5 axb5 17. d4 cxd4 18. Nxd4 d5 
19. Rc1 Nd6 20. Nc2 Nef5 21. Nb4 Rfc8 22. Ncxd5 Rxc1+ 23. Qxc1 exd5 24. Nxd5 Qd8 
25. e4 Rc8 26. Qa1 Bxb2 27. Qxb2 Ng7 28. h4 Nde8 29. Qa3 Ra8 30. Qe7 Ne6 
31. Qb4 Kg7 32. Qc3+ Kg8 33. Kh2 Rc8 34. Qe3 Rc6 35. e5 Ra6 36. Nb4 N8c7 
37. Nxa6 Nxa6 38. Qa7 Nb8 39. Rd6 Qc7 40. Qxc7 Nxc7 41. b4 Kf8 42. Rb6 Nba6 
43. a3 Ke7 44. Bb7 Nb8 45. Be4 Nba6 46. f3 h5 47. Kg2 Be6 48. Kf2 Bc8 
49. Bc6 Bd7 50. Bxd7 Kxd7 51. g4 1-0

[Event "AUT_chT 2012/13"]
[Site "Hohenems"]
[Date "2013.03.22"]
[Round "9"]
[Board "3"]
[White "Skoberne, Jure"]
[Black "Schlosser, Philipp"]
[Result "1/2-1/2"]
[WhiteElo "2543"]
[BlackElo "2579"]
[PlyCount "62"]
[EventDate "2012.11.02"]
[EventType "team"]
[EventRounds "11"]
[EventCountry "AUT"]
[WhiteTeam "SV Raika Rapid Feffernitz"]
[BlackTeam "SK Sparkasse Jenbach"]

1. e4 c5 2. Nc3 Nc6 3. f4 g6 4. Nf3 Bg7 5. Bb5 Nd4 6. O-O a6 
7. Bd3 d6 8. Nxd4 cxd4 9. Ne2 Nf6 10. Kh1 e5 11. c3 O-O 12. cxd4 exd4 
13. Ng3 Re8 14. f5 d5 15. exd5 Qxd5 16. b3 b5 17. Be2 Bb7 18. Bf3 Qd7 
19. Bb2 Rad8 20. Rc1 h5 21. fxg6 fxg6 22. Bxb7 Qxb7 23. Qc2 Kh7 24. Qc7 Qxc7 
25. Rxc7 Rd7 26. Rxd7 Nxd7 27. Kg1 h4 28. Nh1 Nc5 29. Nf2 Re2 30. Rd1 g5 
31. Kf1 Re8 1/2-1/2

[Event "AUT_chT 2012/13"]
[Site "Hohenems"]
[Date "2013.03.22"]
[Round "9"]
[Board "4"]
[White "Acs, Peter"]
[Black "Zorko, Jure"]
[Result "1-0"]
[WhiteElo "2586"]
[BlackElo "2464"]
[PlyCount "63"]
[EventDate "2012.11.02"]
[EventType "team"]
[EventRounds "11"]
[EventCountry "AUT"]
[WhiteTeam "SK Sparkasse Jenbach"]
[BlackTeam "SV Raika Rapid Feffernitz"]

1. e4 c5 2. Nf3 e6 3. c3 Nf6 4. e5 Nd5 5. d4 cxd4 6. cxd4 d6 
7. Bc4 Nb6 8. Bd3 dxe5 9. dxe5 Na6 10. O-O Nc5 11. Be2 Nd5 12. Qd4 a6 
13. Bd2 b5 14. Rc1 Nd7 15. Nc3 Bb7 16. Nxd5 Bxd5 17. a4 bxa4 18. Rxa4 Be7 
19. Qg4 Bxf3 20. Qxf3 O-O 21. Bc3 Nc5 22. Rc4 Nb3 23. Rd1 Qb8 24. Rd7 Ra7 
25. Rxe7 Rxe7 26. Rb4 Qe8 27. Rxb3 Qa4 28. Ra3 Qc2 29. Bb4 Rd7 30. Bxf8 Qc1+ 
31. Bf1 Rd1 32. Qe2 1-0

[Event "AUT_chT 2012/13"]
[Site "Hohenems"]
[Date "2013.03.22"]
[Round "9"]
[Board "5"]
[White "Diermair, Andreas"]
[Black "Boensch, Uwe"]
[Result "1/2-1/2"]
[WhiteElo "2429"]
[BlackElo "2528"]
[PlyCount "68"]
[EventDate "2012.11.02"]
[EventType "team"]
[EventRounds "11"]
[EventCountry "AUT"]
[WhiteTeam "SV Raika Rapid Feffernitz"]
[BlackTeam "SK Sparkasse Jenbach"]

1. Nf3 Nf6 2. c4 e6 3. g3 d5 4. Bg2 Be7 5. O-O O-O 6. d4 dxc4 
7. Qc2 a6 8. a4 Bd7 9. Qxc4 Bc6 10. Bf4 a5 11. Nc3 Bb4 12. Ne5 Bxg2 
13. Kxg2 Nd5 14. Nd3 Nc6 15. Nxd5 exd5 16. Qb5 Nxd4 17. Qxb7 Nxe2 18. Bxc7 Qe7 
19. Nxb4 axb4 20. Rae1 Rac8 21. Qb5 Rfe8 22. Bb6 Qe4+ 23. f3 Qc2 24. Rf2 Nf4+ 
25. gxf4 Qg6+ 26. Kf1 Rxe1+ 27. Kxe1 Qb1+ 28. Ke2 Rc2+ 29. Ke3 Qc1+ 30. Kd3 Qd1+ 
31. Ke3 Qc1+ 32. Kd3 Qd1+ 33. Ke3 Qc1+ 34. Kd3 Qd1+ 1/2-1/2

[Event "AUT_chT 2012/13"]
[Site "Hohenems"]
[Date "2013.03.22"]
[Round "9"]
[Board "6"]
[White "Lehner, Oliver"]
[Black "Schreiner, Peter"]
[Result "1-0"]
[WhiteElo "2446"]
[BlackElo "2442"]
[PlyCount "66"]
[EventDate "2012.11.02"]
[EventType "team"]
[EventRounds "11"]
[EventCountry "AUT"]
[WhiteTeam "SK Sparkasse Jenbach"]
[BlackTeam "SV Raika Rapid Feffernitz"]

1. d4 Nf6 2. c4 g6 3. f3 d5 4. cxd5 Nxd5 5. e4 Nb6 6. Nc3 Bg7 
7. Be3 O-O 8. Qd2 Nc6 9. O-O-O f5 10. e5 Nb4 11. Nh3 Be6 12. Kb1 Qd7 
13. Nf4 Bf7 14. h4 Na4 15. b3 Nxc3+ 16. Qxc3 a5 17. Bc4 Nd5 18. Bxd5 Bxd5 
19. h5 Ra6 20. hxg6 hxg6 21. e6 Bxe6 22. Nxg6 Rd8 23. Rc1 f4 24. Nxf4 Bf5+ 
25. Kb2 Bxd4 26. Bxd4 Qxd4 27. Rh5 Rf6 28. Rg5+ Kf8 29. Rxf5 Qd2+ 30. Rc2 Qxc3+ 
31. Kxc3 Rxf5 32. Ne6+ Kf7 33. Nxd8+ Ke8 1-0

[Event "AUT_chT 2012/13"]
[Site "Hohenems"]
[Date "2013.03.22"]
[Round "9"]
[Board "1"]
[White "Babula, Vlastimil"]
[Black "Bosiocic, Marin"]
[Result "1-0"]
[WhiteElo "2585"]
[BlackElo "2571"]
[PlyCount "35"]
[EventDate "2012.11.02"]
[EventType "team"]
[EventRounds "11"]
[EventCountry "AUT"]
[WhiteTeam "Club 7 Ansfelden"]
[BlackTeam "ASVOE Fundermax St.Veit"]

1. d4 d5 2. c4 c6 3. Nf3 e6 4. Nc3 dxc4 5. a4 Bb4 6. g3 Nf6 
7. Bg2 Nbd7 8. O-O O-O 9. Qc2 Re8 10. Rd1 Qa5 11. Na2 Bf8 12. Qxc4 e5 
13. Ng5 Re7 14. Bd2 Qc7 15. Bb4 Nb6 16. Qc2 Re8 17. a5 Nbd7 18. Bd5 1-0

[Event "AUT_chT 2012/13"]
[Site "Hohenems"]
[Date "2013.03.22"]
[Round "9"]
[Board "2"]
[White "Prohaszka, Peter"]
[Black "Weiss, Christian"]
[Result "1/2-1/2"]
[WhiteElo "2562"]
[BlackElo "2406"]
[PlyCount "70"]
[EventDate "2012.11.02"]
[EventType "team"]
[EventRounds "11"]
[EventCountry "AUT"]
[WhiteTeam "ASVOE Fundermax St.Veit"]
[BlackTeam "Club 7 Ansfelden"]

1. d4 c5 2. d5 e6 3. c4 exd5 4. cxd5 d6 5. Nc3 a6 6. a4 g6 
7. Nf3 Bg7 8. Nd2 Nd7 9. e4 Ne7 10. Nc4 Ne5 11. Bf4 Nxc4 12. Bxc4 h6 
13. h4 g5 14. hxg5 Ng6 15. Be3 hxg5 16. Rxh8+ Bxh8 17. a5 Qe7 18. Qc2 Bd7 
19. Na4 Bxa4 20. Rxa4 Kf8 21. Be2 Bf6 22. Bg4 Kg7 23. Ke2 Rh8 24. Bf5 Nf4+ 
25. Bxf4 gxf4 26. Ra3 Rh5 27. g4 fxg3 28. Rxg3+ Kf8 29. Kf3 Be5 30. Rh3 Rxh3+ 
31. Bxh3 Qf6+ 32. Bf5 Bxb2 33. Qb3 Qc3+ 34. Qxc3 Bxc3 35. Bc8 Bxa5 1/2-1/2

[Event "AUT_chT 2012/13"]
[Site "Hohenems"]
[Date "2013.03.22"]
[Round "9"]
[Board "3"]
[White "Felsberger, Alfred"]
[Black "Kuljasevic, Davorin"]
[Result "1/2-1/2"]
[WhiteElo "2366"]
[BlackElo "2564"]
[PlyCount "147"]
[EventDate "2012.11.02"]
[EventType "team"]
[EventRounds "11"]
[EventCountry "AUT"]
[WhiteTeam "Club 7 Ansfelden"]
[BlackTeam "ASVOE Fundermax St.Veit"]

1. e4 e5 2. Nf3 Nc6 3. Bc4 Bc5 4. O-O Nf6 5. d3 d6 6. c3 O-O 
7. Bg5 a6 8. Bb3 Ba7 9. Nbd2 Be6 10. Nc4 Ne7 11. Bxf6 gxf6 12. d4 Kh8 
13. Ne3 Rg8 14. g3 c6 15. Qc2 Qc7 16. Rad1 Rad8 17. Rfe1 d5 18. Kg2 Rd7 
19. h3 Bb8 20. dxe5 fxe5 21. Ng4 f5 22. exf5 Bxf5 23. Qd2 Bxg4 24. hxg4 Ng6 
25. c4 e4 26. Ng5 Qe5 27. Qd4 Qxd4 28. Rxd4 Ne5 29. f4 exf3+ 30. Nxf3 Nxg4 
31. cxd5 c5 32. Rd3 Bxg3 33. d6 Bxe1 34. Bxg8 Kxg8 35. Nxe1 Kf7 36. Nf3 Ke6 
37. Ng5+ Ke5 38. Nf3+ Ke4 39. Rd2 Ne3+ 40. Kf2 Nf5 41. Ng5+ Ke5 42. Nxh7 Nd4 
43. Ng5 Kf4 44. Nh3+ Ke5 45. Ng5 Kf5 46. Nf3 Rxd6 47. b4 b6 48. bxc5 bxc5 
49. Nxd4+ cxd4 50. Ke2 Ke4 51. Kd1 d3 52. Rh2 Rb6 53. Rh4+ Ke3 54. Rh3+ Kd4 
55. Rh8 Rb1+ 56. Kd2 Rb2+ 57. Kc1 Rc2+ 58. Kd1 Rxa2 59. Rd8+ Kc3 60. Rc8+ Kb2 
61. Rb8+ Kc3 62. Rc8+ Kb4 63. Rb8+ Ka4 64. Rd8 Ra3 65. Kd2 Rb3 66. Rd4+ Ka3 
67. Rd5 Kb2 68. Rd8 a5 69. Ra8 Ra3 70. Rb8+ Rb3 71. Ra8 Rb5 72. Kxd3 Kb3 
73. Kd2 Rc5 74. Ke1 1/2-1/2

[Event "AUT_chT 2012/13"]
[Site "Hohenems"]
[Date "2013.03.22"]
[Round "9"]
[Board "4"]
[White "Rogic, Davor"]
[Black "Moser, Guenter"]
[Result "1-0"]
[WhiteElo "2572"]
[BlackElo "2356"]
[PlyCount "95"]
[EventDate "2012.11.02"]
[EventType "team"]
[EventRounds "11"]
[EventCountry "AUT"]
[WhiteTeam "ASVOE Fundermax St.Veit"]
[BlackTeam "Club 7 Ansfelden"]

1. e4 c6 2. d4 d5 3. Nd2 dxe4 4. Nxe4 Bf5 5. Ng3 Bg6 6. h4 h6 
7. Nf3 Nd7 8. h5 Bh7 9. Bd3 Bxd3 10. Qxd3 e6 11. Bd2 Qc7 12. O-O-O O-O-O 
13. Kb1 Ngf6 14. Ne4 Nxe4 15. Qxe4 Bd6 16. c4 Nf6 17. Qe2 c5 18. Bc3 Rhe8 
19. Ne5 cxd4 20. Bxd4 Bxe5 21. Bxe5 Qc5 22. f4 Rxd1+ 23. Rxd1 Rd8 24. Rxd8+ Kxd8 
25. a3 Nd7 26. Bxg7 Qf5+ 27. Ka2 Qxf4 28. Bc3 Ke8 29. Bd2 Qf6 30. Qe4 Nc5 
31. Qf4 Qg7 32. g4 e5 33. Qf5 Nd7 34. g5 hxg5 35. Bxg5 e4 36. Qxe4+ Kf8 
37. Be3 b6 38. h6 Qg6 39. Qxg6 fxg6 40. b4 a6 41. c5 bxc5 42. bxc5 Nb8 
43. Kb3 Kf7 44. Kc4 Nc6 45. Bg5 Ke6 46. h7 Ne5+ 47. Kb4 Nf7 48. Ka5 1-0

[Event "AUT_chT 2012/13"]
[Site "Hohenems"]
[Date "2013.03.22"]
[Round "9"]
[Board "5"]
[White "Ennsberger, Ulrich"]
[Black "Hoelzl, Franz"]
[Result "1-0"]
[WhiteElo "2368"]
[BlackElo "2334"]
[PlyCount "48"]
[EventDate "2012.11.02"]
[EventType "team"]
[EventRounds "11"]
[EventCountry "AUT"]
[WhiteTeam "Club 7 Ansfelden"]
[BlackTeam "ASVOE Fundermax St.Veit"]

1. c4 g6 2. Nf3 Bg7 3. Nc3 c5 4. g3 b6 5. Bg2 Bb7 6. O-O d6 
7. d4 cxd4 8. Nxd4 Bxg2 9. Kxg2 Nd7 10. b3 h5 11. h3 a6 12. Bb2 Qc8 
13. e3 Ngf6 14. f4 Nc5 15. Qf3 O-O 16. Rad1 Re8 17. Nd5 Nxd5 18. cxd5 e5 
19. fxe5 dxe5 20. Qxf7+ Kh7 21. Nf5 Qd7 22. Nxg7 Re7 23. Qf3 Kxg7 24. d6 Rae8 
1-0

[Event "AUT_chT 2012/13"]
[Site "Hohenems"]
[Date "2013.03.22"]
[Round "9"]
[Board "6"]
[White "Hebesberger, Thomas"]
[Black "Knoll, Hermann"]
[Result "1/2-1/2"]
[WhiteElo "2331"]
[BlackElo "2302"]
[PlyCount "108"]
[EventDate "2012.11.02"]
[EventType "team"]
[EventRounds "11"]
[EventCountry "AUT"]
[WhiteTeam "ASVOE Fundermax St.Veit"]
[BlackTeam "Club 7 Ansfelden"]

1. d4 g6 2. Nf3 Bg7 3. c3 f5 4. Qc2 Nf6 5. Nbd2 O-O 6. e4 fxe4 
7. Nxe4 Nxe4 8. Qxe4 d5 9. Qh4 Qd6 10. Bh6 Nc6 11. Bb5 Rxf3 12. gxf3 Nxd4 
13. cxd4 Qb4+ 14. Kf1 Qxb5+ 15. Kg2 Bxh6 16. Qxh6 Bf5 17. Qe3 Qxb2 18. h4 Rf8 
19. h5 gxh5 20. Rae1 Bg6 21. Rh4 Rf7 22. Rf4 Rg7 23. Kh1 Qb6 24. Rg1 Qd6 
25. Rg5 Rf7 26. Re5 c6 27. Rxf7 Kxf7 28. f4 Qf6 29. Qg3 h6 30. Kh2 Bf5 
31. f3 e6 32. a3 b6 33. Re1 Qxd4 34. Rg1 Ke7 35. Qh4+ Kd6 36. Qd8+ Kc5 
37. Qe7+ Kb5 38. Qd6 h4 39. Rg2 Qc3 40. a4+ Kxa4 41. Qc7 Kb5 42. Qxa7 Qd4 
43. Qa3 Qxf4+ 44. Kh1 c5 45. Rb2+ Kc6 46. Qa8+ Kd7 47. Qa7+ Qc7 48. Qa4+ Ke7 
49. Qxh4+ Kf7 50. Ra2 Kg7 51. Rh2 Kf7 52. Ra2 Kg7 53. Rh2 Kf7 54. Ra2 Qd8 
1/2-1/2

[Event "AUT_chT 2012/13"]
[Site "Hohenems"]
[Date "2013.03.22"]
[Round "9"]
[Board "1"]
[White "Baramidze, David"]
[Black "Hracek, Zbynek"]
[Result "1/2-1/2"]
[WhiteElo "2612"]
[BlackElo "2615"]
[PlyCount "77"]
[EventDate "2012.11.02"]
[EventType "team"]
[EventRounds "11"]
[EventCountry "AUT"]
[WhiteTeam "SK Hohenems"]
[BlackTeam "SK Zwettl"]

1. e4 e5 2. Nf3 Nc6 3. Bb5 Nf6 4. d3 Bc5 5. c3 d6 6. Nbd2 O-O 
7. O-O a6 8. Bxc6 bxc6 9. d4 exd4 10. cxd4 Bb6 11. Qc2 c5 12. d5 Re8 
13. Re1 Ba5 14. b3 Bb7 15. Bb2 c6 16. e5 Bxd2 17. Nxd2 Nxd5 18. exd6 Qxd6 
19. Nc4 Qf8 20. Na5 Rxe1+ 21. Rxe1 Re8 22. Kf1 Rxe1+ 23. Kxe1 Qe7+ 24. Qe2 Qxe2+ 
25. Kxe2 Bc8 26. g3 f6 27. Kd3 Nb6 28. Ba3 Bf5+ 29. Kc3 Nd7 30. Nb7 g5 
31. Bxc5 h5 32. Bd4 Kf8 33. h4 Ke7 34. Kc4 Bb1 35. a3 Be4 36. Kb4 Ke6 
37. Nc5+ Nxc5 38. Kxc5 Bc2 39. b4 1/2-1/2

[Event "AUT_chT 2012/13"]
[Site "Hohenems"]
[Date "2013.03.22"]
[Round "9"]
[Board "2"]
[White "Polak, Thomas"]
[Black "Rozentalis, Eduardas"]
[Result "1/2-1/2"]
[WhiteElo "2520"]
[BlackElo "2616"]
[PlyCount "64"]
[EventDate "2012.11.02"]
[EventType "team"]
[EventRounds "11"]
[EventCountry "AUT"]
[WhiteTeam "SK Zwettl"]
[BlackTeam "SK Hohenems"]

1. d4 Nf6 2. c4 e6 3. Nf3 b6 4. g3 Bb7 5. Bg2 Be7 6. O-O O-O 
7. Nc3 Ne4 8. Nxe4 Bxe4 9. Nh4 Bxg2 10. Nxg2 d5 11. Qa4 dxc4 12. Qxc4 c5 
13. dxc5 Bxc5 14. Be3 Nd7 15. Rfd1 Qe7 16. Rac1 Rfd8 17. Bxc5 Nxc5 18. Ne3 Rxd1+ 
19. Rxd1 Rd8 20. Rxd8+ Qxd8 21. b4 Nd7 22. f3 Nf6 23. Kf2 h5 24. a3 Qd7 
25. Qc3 h4 26. Qe5 hxg3+ 27. hxg3 Qd8 28. Ke1 Ne8 29. Kf2 Kf8 30. Ke1 Qc8 
31. Kd2 Qd7+ 32. Ke1 Qc8 1/2-1/2

[Event "AUT_chT 2012/13"]
[Site "Hohenems"]
[Date "2013.03.22"]
[Round "9"]
[Board "3"]
[White "Naumann, Alexander"]
[Black "Bernasek, Jan"]
[Result "1/2-1/2"]
[WhiteElo "2540"]
[BlackElo "2506"]
[PlyCount "107"]
[EventDate "2012.11.02"]
[EventType "team"]
[EventRounds "11"]
[EventCountry "AUT"]
[WhiteTeam "SK Hohenems"]
[BlackTeam "SK Zwettl"]

1. d4 Nf6 2. c4 e6 3. Nc3 Bb4 4. e3 d5 5. Nf3 O-O 6. Bd3 b6 
7. a3 Bxc3+ 8. bxc3 dxc4 9. Bxc4 c5 10. O-O Qc7 11. Bd3 Bb7 12. Re1 Be4 
13. Ng5 Bxd3 14. Qxd3 Nbd7 15. e4 h6 16. Nf3 cxd4 17. cxd4 Rfc8 18. a4 Qc2 
19. Qe2 Qxe2 20. Rxe2 Rc4 21. Bb2 Rac8 22. Ne1 e5 23. a5 exd4 24. axb6 axb6 
25. Rd1 Nc5 26. f3 Rd8 27. Red2 Rb4 28. Rxd4 Rbxd4 29. Rxd4 Rxd4 30. Bxd4 Nfd7 
31. Nc2 f6 32. Na3 Kf7 33. Nc4 Na4 34. Nd6+ Kf8 35. Kf2 g6 36. Ke3 Ke7 
37. Nb5 Nac5 38. f4 Ne6 39. Bb2 Ndc5 40. f5 gxf5 41. exf5 Ng7 42. g4 Ne8 
43. Kd4 h5 44. gxh5 Ng7 45. Ba3 Nxf5+ 46. Kd5 Kf7 47. Bxc5 bxc5 48. Kxc5 Kg7 
49. Nc7 Kh6 50. Nd5 Kxh5 51. Nxf6+ Kh4 52. Kd5 Kh3 53. Ke4 Kxh2 54. Kxf5 1/2-1/2

[Event "AUT_chT 2012/13"]
[Site "Hohenems"]
[Date "2013.03.22"]
[Round "9"]
[Board "4"]
[White "Blatny, Pavel"]
[Black "Bindrich, Falko"]
[Result "0-1"]
[WhiteElo "2420"]
[BlackElo "2559"]
[PlyCount "84"]
[EventDate "2012.11.02"]
[EventType "team"]
[EventRounds "11"]
[EventCountry "AUT"]
[WhiteTeam "SK Zwettl"]
[BlackTeam "SK Hohenems"]

1. d4 d5 2. Nf3 Nf6 3. c3 c5 4. dxc5 e6 5. b4 a5 6. e3 b6 
7. Bb5+ Bd7 8. Bxd7+ Nfxd7 9. c6 Nxc6 10. b5 Nce5 11. Nd4 Bc5 12. O-O O-O 
13. a4 Rc8 14. Qe2 Nf6 15. Ba3 Ne4 16. f3 Nd6 17. Bxc5 Rxc5 18. Ra2 Qf6 
19. g4 Nd7 20. Nc6 Nb8 21. Nd4 Nd7 22. Nc6 e5 23. Rd1 h5 24. gxh5 Nb8 
25. Nxb8 Rxb8 26. Rad2 Nf5 27. e4 Qg5+ 28. Kh1 Ne3 29. Rg1 Qf4 30. Rd3 d4 
31. Qf2 Rc4 32. Qg3 Qxg3 33. hxg3 Rbc8 34. cxd4 exd4 35. g4 Rxa4 36. Kh2 Rc5 
37. Rb3 Rb4 38. Rxb4 axb4 39. Kg3 b3 40. Nd2 b2 41. Rb1 Rc2 42. Nb3 d3 
0-1

[Event "AUT_chT 2012/13"]
[Site "Hohenems"]
[Date "2013.03.22"]
[Round "9"]
[Board "5"]
[White "Froewis, Georg"]
[Black "Schroll, Gerhard"]
[Result "1-0"]
[WhiteElo "2409"]
[BlackElo "2403"]
[PlyCount "110"]
[EventDate "2012.11.02"]
[EventType "team"]
[EventRounds "11"]
[EventCountry "AUT"]
[WhiteTeam "SK Hohenems"]
[BlackTeam "SK Zwettl"]

1. Nf3 f5 2. c4 Nf6 3. g3 e6 4. Bg2 d5 5. O-O Bd6 6. d3 c6 
7. Nc3 Bc7 8. cxd5 exd5 9. e4 dxe4 10. Re1 Na6 11. Bg5 h6 12. Bxf6 Qxf6 
13. dxe4 O-O 14. exf5 Bxf5 15. Qb3+ Qf7 16. Qxb7 Nc5 17. Qxc6 Nd3 18. Nh4 Bd7 
19. Qd5 Nxe1 20. Qxf7+ Kxf7 21. Bxa8 Rxa8 22. Rxe1 Rb8 23. Nd5 Bd8 24. Nf3 Kf8 
25. Ne5 Be8 26. Nc4 Bf7 27. Nde3 Bf6 28. b3 a5 29. Nd6 Bg6 30. Nec4 Bc3 
31. Re3 Bd4 32. Rf3+ Kg8 33. Nf5 Bc5 34. Ne5 Be8 35. Rc3 Bb6 36. Rc4 Rd8 
37. Rg4 Rd1+ 38. Kg2 g5 39. Rc4 Bb5 40. Rc8+ Kh7 41. Rb8 g4 42. Rb7+ Kg8 
43. Rb8+ Kh7 44. Rb7+ Kg8 45. Nxh6+ Kf8 46. Nhxg4 Rd6 47. a4 Be8 48. h4 Bd4 
49. Rc7 Re6 50. f4 Bh5 51. Rc4 Rd6 52. Rc8+ Ke7 53. Rc7+ Ke6 54. Rh7 Be8 
55. Rh6+ Ke7 1-0

[Event "AUT_chT 2012/13"]
[Site "Hohenems"]
[Date "2013.03.22"]
[Round "9"]
[Board "6"]
[White "Buchnicek, Petr"]
[Black "Breder, Dennis"]
[Result "1-0"]
[WhiteElo "2352"]
[BlackElo "2442"]
[PlyCount "135"]
[EventDate "2012.11.02"]
[EventType "team"]
[EventRounds "11"]
[EventCountry "AUT"]
[WhiteTeam "SK Zwettl"]
[BlackTeam "SK Hohenems"]

1. e4 c6 2. d4 d5 3. exd5 cxd5 4. c4 Nf6 5. Nc3 Nc6 6. Bg5 dxc4 
7. Bxc4 h6 8. Be3 e6 9. Nf3 Bd6 10. O-O O-O 11. a3 b6 12. Qe2 Bb7 
13. Rad1 Rc8 14. Bd3 Ne7 15. Ne5 Nf5 16. Rfe1 Nd5 17. Nxd5 Bxd5 18. Bb1 Nxe3 
19. Qxe3 Qg5 20. Qxg5 hxg5 21. Rc1 Rfd8 22. Ng4 Be7 23. Ne3 Bb3 24. Bc2 Bxc2 
25. Rxc2 Rxc2 26. Nxc2 Bf6 27. Rd1 g4 28. Kf1 Kh7 29. Ke2 Kg6 30. Rd3 Bh4 
31. h3 gxh3 32. Rxh3 Bg5 33. Rc3 Rd7 34. a4 Bf6 35. Rc4 Rd5 36. b3 e5 
37. Nb4 Rd7 38. dxe5 Bxe5 39. Nc6 Bb2 40. b4 a6 41. Nb8 Re7+ 42. Kf3 a5 
43. bxa5 bxa5 44. Nc6 Re1 45. Nxa5 Ra1 46. Ke4 f5+ 47. Kd5 Rd1+ 48. Kc6 Rd2 
49. Nb3 Rxf2 50. a5 Be5 51. a6 Rxg2 52. a7 Ra2 53. Kb7 Rxa7+ 54. Kxa7 f4 
55. Kb6 Kf5 56. Kc5 g5 57. Nd4+ Ke4 58. Nc6+ Kf5 59. Kd5 Bf6 60. Nd4+ Kg4 
61. Ke4 Kg3 62. Rc3+ Kg4 63. Rd3 Bxd4 64. Rxd4 Kg3 65. Rd3+ Kg2 66. Ra3 Kf2 
67. Kf5 Kg2 68. Ke4 1-0